00854nam a2200205 a 450000500170000001000130001702000370003003500130006703700190008008200060009910000250010524500460013026000410017627000530021730000250027085600780029594200200037399900170039395202380041020120105112331.0 aB-470505 a9780330446303c$ 8.99 Rs.199.00 aB-470505 bBlue Berry/Ven aS aBlyton, Enid 952793 aThe castle of adventure /cby Enid Blyton aNew Delhi bRupa Publications c2006 a7/16, Ansari Road, DaryaganjbNew Delhi e110002 a260,9p. c21cm(pbk)  3Table of contentsuhttp://www.loc.gov/catdir/toc/ecip0516/2005020735.html 2ddccCHmENIhS c60340d60340 041040708FICaBL4bBL4d2012-10-03eBlue Berry/IN8226/24.03.2012/43/20.03.2012/29.03.2012g199.00l0oS ENIpB-470505r2012-10-03 00:00:00t1v199.00w2012-10-03yCHzWritten off on approval by DLB (By Circulation); dtd 20.12.2022